Cultura de paz, palabra y memoria : un modelo de gestión cultural comunitario /

שמור ב:
מידע ביבליוגרפי
מחברים אחרים: Melguizo Posada, Jorge Humberto (autor) (autor), Carreño Carlón, José (prólogo) (prólogo)
פורמט: ספר
שפה:ספרדית
יצא לאור: México : Fondo de Cultura Económica, 2016, c2016
נושאים:
תגים: הוספת תג

MARC

LEADER 00000nam^a2200000^a^4500
001 000399624
005 20250521000000.0
009 20260310121558.362
020 |a 978-607-16-4945-4 
037 |a Acervo ITESO - Biblioteca 
041 |a ESP 
082 |a 327. 17  |b CUL 
245 0 0 |a Cultura de paz, palabra y memoria :  |b un modelo de gestión cultural comunitario /  |c J.H. Melguizo Posada... [et al.] ; pról. de J. Carreño Carlón. 
264 4 |a México :  |b Fondo de Cultura Económica,  |c 2016, c2016 
300 |a 183 p. 
336 |a texto  |b txt  |2 rdacontenido 
337 |a sin mediación  |b n  |2 rdamedio 
338 |a volumen  |b nc  |2 rdasoporte 
521 |a FIL 2017 EEnlace Desarrollo Educativo 
649 |a XX 
650 |a Editores y Libreros Mexicanos -  |x Historia 
650 |a Industria Editorial -  |z México -  |x Historia 
650 |a Industria Editorial 
650 |a Industria Cultural -  |z México -  |x Historia 
650 |a Pacifismo -  |z México -  |x Tema Principal 
650 |a Pacifismo 
650 |a Gestión Cultural -  |z México 
650 |a Cultura 
650 |a Fondo de Cultura Económica -  |x Tema Principal 
700 |a Melguizo Posada, Jorge Humberto  |e (autor) 
700 |a Carreño Carlón, José  |e (prólogo) 
910 |a Fondo General 
920 |a Impresos - Libros 
930 |a Colección General 
905 |a 101 
901 |a 0500294971  |b IT1  |c ACC  |i c158339  |u 20250521 
902 |a https://opac.biblio.iteso.mx/vufind/Record/000399624